000 01067cab a2200301 4500
001 ABS49689
008 090401t1993 xxu||||| |||| 00| 0 eng d
035 _a(Sirsi) u72360
041 _aeng
100 _aMax, R.
245 _aCertificates of lawful use or development - the new system
260 _c1993
350 _a0
490 _aEstates Gazette
_v(9346) 20 November 1993, 172-173(2)
520 _aSets out details of certificates of lawful use for existing use or development or proposed use or development. Covers the introduction of the certificates under Town and Country Planning Act 1990, how to apply for them, determination of applications and appeals.
650 _aCERTIFICATES OF LAWFUL USE
650 _aCLEUD
650 _aCLOPUD
650 _aDOE CIRCULAR 17/1992
650 _aENFORCEMENT
650 _aESTABLISHED USE CERTIFICATES
650 _aEXISTING USE
650 _aPLANNING PERMISSION
650 _aTOWN AND COUNTRY PLANNING ACT 1990
690 _aPLANNING LAW AND PRACTICE
942 _n0
948 _c04/03/1997
999 _c45713
_d45713